Statistics for 90 secs World Capitals: by Capital City within 1,500 km

Click here to take the quiz!

General Stats

  • This quiz has been taken 463 times
  • The average score is 140 of 196

Answer Stats

Capital City % Correct
San Marino
99%
Rome
99%
Vatican City
99%
Monaco
99%
Vaduz
99%
Ljubljana
99%
Bern
99%
Zagreb
99%
Luxembourg
99%
Andorra la Vella
99%
London
98%
Vienna
98%
Berlin
98%
Bratislava
98%
Brussels
98%
Chisinau
98%
Budapest
98%
Warsaw
98%
Copenhagen
98%
Prague
98%
Paris
98%
Amsterdam
98%
Athens
98%
Sarajevo
97%
Podgorica
97%
Vilnius
97%
Oslo
97%
Kiev
97%
Belgrade
97%
Tirana
96%
Madrid
96%
Skopje
96%
Pristina
96%
Sofia
96%
Minsk
96%
Riga
95%
Stockholm
95%
Dublin
95%
Bucharest
95%
Tunis
95%
Algiers
95%
Beirut
93%
Damascus
93%
Ankara
93%
Tallinn
93%
Helsinki
93%
Baghdad
93%
Amman
90%
Valletta
90%
Belmopan
88%
Jerusalem
87%
San Salvador
86%
Tegucigalpa
86%
San Jose
86%
Nicosia
86%
Panama
86%
Guatemala City
85%
Seoul
84%
Tripoli
84%
Pyongyang
84%
Yaounde
84%
Malabo
84%
Asuncion
83%
Quito
83%
Tbilisi
83%
Moscow
82%
Caracas
82%
Libreville
82%
Kingston
82%
Kuwait City
81%
Lilongwe
81%
Sao Tome
81%
Santo Domingo
81%
Port-au-Prince
81%
Cairo
81%
Lisbon
80%
Riyadh
80%
Washington
80%
Ottawa
80%
Gaborone
79%
Beijing
79%
Bogota
79%
Pretoria
79%
Harare
79%
Mbabane
79%
Lusaka
79%
Tehran
78%
Dushanbe
78%
Yerevan
78%
Maputo
78%
Managua
76%
Maseru
76%
Windhoek
74%
Manama
73%
Sana'a
73%
Baku
73%
Abu Dhabi
72%
Doha
72%
New Delhi
71%
Islamabad
71%
Ulaanbaatar
71%
Yamoussoukro
71%
Kabul
70%
Montevideo
70%
Buenos Aires
70%
Accra
70%
Abuja
70%
Addis Ababa
70%
Bamako
70%
Havana
70%
Kuala Lumpur
69%
Ashgabat
69%
Kathmandu
69%
Bangui
69%
Monrovia
69%
Singapore
69%
Phnom Penh
68%
Lome
68%
Dhaka
68%
Juba
68%
Mexico City
68%
Porto-Novo
68%
Bangkok
68%
Nay Pyi Taw
67%
Ouagadougou
67%
Rabat
67%
Niamey
67%
Tokyo
67%
Freetown
66%
Thimphu
66%
Santiago
66%
Canberra
65%
Djibouti
65%
Vientiane
64%
Brasilia
64%
Asmara
63%
Mogadishu
63%
Nairobi
63%
Dodoma
62%
Brazzaville
62%
Kinshasa
62%
Kampala
61%
Hanoi
59%
Luanda
58%
Muscat
58%
Lima
57%
Bujumbura
57%
Khartoum
57%
Nassau
57%
Dakar
56%
Nouakchott
56%
Conakry
56%
Banjul
56%
Bissau
56%
Basseterre
55%
Bishkek
55%
Tashkent
55%
Jakarta
55%
Sucre
54%
Kigali
53%
Port-of-Spain
52%
Castries
52%
Saint George's
52%
Roseau
52%
Bridgetown
52%
Kingstown
52%
Saint John's
52%
Taipei
50%
Georgetown
48%
Praia
48%
Paramaribo
47%
Moroni
46%
Wellington
46%
Bandar Seri Begawan
46%
N'Djamena
45%
Suva
44%
Funafuti
44%
Apia
42%
Nuku'alofa
40%
Astana
38%
Manila
38%
Port-Vila
33%
Yaren
32%
Colombo
30%
Male
29%
Honiara
29%
Reykjavik
26%
Majuro
25%
Tarawa
23%
Port Moresby
22%
Dili
21%
Palikir
21%
Antananarivo
17%
Port Louis
16%
Victoria
14%
Melekeok
6%

Score Distribution

Percentile by Number Answered

Percent of People with Each Score

Your Score History

You have not taken this quiz